Statistieken voor Landen het dichtst bij België

Klik hier om de quiz te nemen!

Algemene statistieken

  • Deze quiz is 996 keer genomen
  • De gemiddelde score is 17 van 20

Antwoordstatistieken

kmLand% Correct
0Frankrijk
100%
0Nederland
100%
0Duitsland
100%
0Luxemburg
99%
426Italië
95%
254Zwitserland
95%
357Oostenrijk
95%
595Polen
94%
80Verenigd Koninkrijk
92%
450Denemarken
91%
404Tsjechië
87%
734Noorwegen
87%
658Zweden
86%
622Ierland
85%
372Liechtenstein
82%
785Slowakije
79%
668Slovenië
76%
657Monaco
73%
731Kroatië
68%
799San Marino
64%

Scoreverdeling

Percentiel versus Aantal Correcte Antwoorden

Procent van Mensen met Elke Score

Uw Scoregeschiedenis

U heeft deze quiz nog niet genomen